000 01010nam a2200277Ia 4500
001 Para_10340
003 CHAP
008 220125sOctu xx 000 0 und d
010 _a208996
040 _cCHAP
090 _aPA CD - TESIS 370
100 _aMancilla Almaraz, Oyuki Guadalupe
_9128806
245 _aEstimación de pérdidas caisadas por patógenos foliares en trigo (Triticum aestivum L.) de temporal en México /
_c Oyuki Guadalupe Mancilla Almaraz; Director Santos Gerardo Leyva Mir
260 _aChapingo, Méx. :
_b el autor
300 _a1 CDS ROM (55 p.)
502 _aTesis (Ing. Agr. Esp. en Parasitología Agrícola). UACh. Departamento Parasitología Agrícola
700 _aLeyva Mir, Santos Gerardo. Director
_9171335
710 _aUACh Departamento Parasitología Agrícola
901 _aPA CD - TESIS 370
902 _aM
905 _a513220Octubre, 2014 anm 8100000000 06
910 _aOctu
942 _cPARA
942 _cPARA
_d2
999 _c208996
_d208996